The foot book : (Record no. 34720)
[ view plain ]
| 000 -LEADER | |
|---|---|
| fixed length control field | 00484nam a22001817a 4500 |
| 005 - DATE AND TIME OF LATEST TRANSACTION | |
| control field | 20231121113021.0 |
| 008 - FIXED-LENGTH DATA ELEMENTS--GENERAL INFORMATION | |
| fixed length control field | 231114b |||||||| |||| 00| 0 eng d |
| 020 ## - INTERNATIONAL STANDARD BOOK NUMBER | |
| ISBN | 9780060922962 |
| 082 ## - DEWEY DECIMAL CLASSIFICATION NUMBER | |
| Classification number | 615.822 |
| Item number | BER |
| 100 ## - MAIN ENTRY--AUTHOR | |
| Author Name | Berkson, Devaki |
| 245 ## - TITLE STATEMENT | |
| Title | The foot book : |
| Remainder of title | Healing the Body Through foot reflexology, |
| Statement of responsibility, etc. | Berkson, Devaki |
| 260 ## - PUBLICATION, DISTRIBUTION, ETC. | |
| Name of publisher, distributor, etc. | Harper Prennial |
| Date of publication, distribution, etc. | 1992 |
| 300 ## - PHYSICAL DESCRIPTION | |
| Pages | 212 |
| 500 ## - GENERAL NOTE | |
| General note | Include Index |
| 650 ## - SUBJECT ADDED ENTRY--TOPICAL TERM | |
| Subject / Department | Medical |
| 700 ## - ADDED ENTRY--PERSONAL NAME | |
| Personal name | Devaki Berkson |
| 952 ## - LOCATION AND ITEM INFORMATION (KOHA) | |
| -- | 0 |
| -- | 0 |
| Lost status | Damaged status | Collection code | Permanent Location | Current Location | Shelving Location | Date acquired | Full Call Number | Accession No./Barcode | Date last seen | item type | Koha item type |
|---|---|---|---|---|---|---|---|---|---|---|---|
| Medical /Allied Heath Science | Superior Information Resource Center (SIRC) Superior University- Central Library | Superior Information Resource Center (SIRC) Superior University- Central Library | Medical | 11/14/2023 | 615.822 BER-F 1992 | 20990 | 11/14/2023 | BOOK | BOOK |
